000 00256nam a2200097Ia 4500
008 200302s9999 xx 000 0 und d
100 _aGerald M. Knox
245 _aBetter Homes and Gardens. Painted Crafts
260 _bPresident Book Group
300 _a192 P.,
999 _c1448
_d1448